| 000 | 00453nab a2200145Ia 4500 | ||
|---|---|---|---|
| 003 | ES-SlBCS | ||
| 005 | 20210601125236.0 | ||
| 008 | 140529s1976 xxu||||| |||| 00| 0 eng d | ||
| 041 | _aeng | ||
| 100 | 1 |
_aFair, Frank K. _9155870 |
|
| 245 | 0 | 0 |
_aTwo Problems with Roderick Chisholm's Perceiving _c Frank K. Fair |
| 600 | 1 | 4 |
_aChisholm, R. _9136670 |
| 773 | 0 |
_tPhilosophy and Phenomenological Research _gvol. 36, 1976, págs. 547-550 _wRev1411 |
|
| 942 | _cAR | ||
| 999 |
_c527102 _d527102 |
||